Madden NFL 22 Top 50 QBs - Statistics

General Stats
  • This quiz has been taken 2,519 times
  • The average score is 38 of 50
Answer Stats
Club Overall Player % Correct
Kansas City Chiefs 98 Patrick Mahomes
100%
Green Bay Packers 96 Aaron Rodgers
99%
Baltimore Ravens 92 Lamar Jackson
99%
Seattle Seahawks 94 Russell Wilson
99%
Tampa Bay Buccaneers 98 Tom Brady
99%
Dallas Cowboys 91 Dak Prescott
98%
Buffalo Bills 89 Josh Allen
98%
Arizona Cardinals 88 Kyler Murray
97%
New Jork Jets 72 Zach Wilson
97%
Cincinnati Bengals 82 Joe Burrow
96%
Los Angeles Rams 85 Matthew Stafford
96%
Las Vegas Raiders 85 Derek Carr
95%
Houston Texans 87 Deshaun Watson
95%
Los Angeles Chargers 84 Justin Herbert
95%
Minnesota Vikings 80 Kirk Cousins
95%
Washington Football Team 64 Kyle Allen
95%
Tennessee Titans 86 Ryan Tannehill
93%
Detroit Lions 74 Jared Goff
92%
Atlanta Falcons 83 Matt Ryan
92%
New England Patriots 75 Mac Jones
90%
New York Giants 71 Daniel Jones
89%
Jacksonville Jaguars 76 Trevor Lawrence
89%
Cleveland Browns 81 Baker Mayfield
88%
Chicago Bears 74 Justin Fields
86%
San Francisco 49ers 74 Jimmy Garoppolo
85%
New Orleans Saints 78 Jameis Winston
83%
Miami Dolphins 73 Tua Tagovailoa
82%
Philadelphia Eagles 72 Jalen Hurts
80%
San Francisco 49ers 73 Trey Lance
74%
Indianapolis Colts 73 Carson Wentz
73%
Denver Broncos 67 Drew Lock
67%
Pittsburgh Steelers 72 Ben Roethlisberger
65%
Carolina Panthers 72 Sam Darnold
65%
Denver Broncos 77 Teddy Bridgewater
65%
Green Bay Packers 68 Jordan Love
64%
Chicago Bears 71 Andy Dalton
60%
Houston Texans 66 Davis Mills
60%
Buffalo Bills 69 Mitchell Trubisky
57%
Washington Football Team 69 Taylor Heinicke
55%
Las Vegas Raiders 70 Marcus Mariota
54%
Washington Football Team 75 Ryan Fitzpatrick
53%
New York Jets 68 Joe Flacco
52%
Chicago Bears 70 Nick Foles
48%
New Orleans Saints 67 Taysom Hill
47%
Miami Dolphins 69 Jacoby Brissett
45%
Philadelphia Eagles 66 Gardner Minshew II
44%
Houston Texans 70 Tyrod Taylor
43%
Cleveland Browns 67 Case Keenum
32%
Minnesota Vikings 65 Kellen Mond
17%
Atlanta Falcons 65 Josh Rosen
15%
No matching quizzes found
Score Distribution
Percent of People with Each Score
Percentile by Number Answered
Your Score History
You have not taken this quiz